000 00812pam a2200265 a 4500
008
020 _a0582063604 (hbk.)
049 _aMAIN
090 _aNA7116
_bCOL
100 1 _aColquhoun, Ian.
245 1 0 _aHousing design in practice /
_cIan Colquhoun, Peter G. Fauset.
260 _aHarlow :
_bLongman Scientific & Technical,
_c1991.
300 _ax, 365 p. :
_bill. ;
_c30 cm.
504 _aBibliography: p. 353-357.- Includes index.
653 0 _aResidences
_aArchitecture
650 0 _aArchitecture, Domestic.
650 0 _aArchitectural design.
653 _aResidences
_aArchitecture
700 1 _aFauset, Peter G.
907 _a.b10028766
_b26-04-13
_c17-04-03
003
005 20230123133616.0
040 _cNUST
942 _cBOOKS
_kNA7116
_mCOL
999 _c151550
_d151550